书目信息 |
| 题名: |
高级财务会计
|
|
| 作者: | 徐文丽 著 | |
| 分册: | ||
| 出版信息: | 上海 立信会计出版社 2000 |
|
| 页数: | 408页 | |
| 开本: | 20cm | |
| 丛书名: | 新编经济学教程系列 | |
| 单 册: | ||
| 中图分类: | F234.4 | |
| 科图分类: | ||
| 主题词: | 财务会计 | |
| 电子资源: | ||
| ISBN: | 7-5429-0584-8 | |
| 000 | 00624nam0 2200229 45 | |
| 001 | 0312011426 | |
| 005 | 20031219104122.7 | |
| 010 | @a7-5429-0584-8@dCNY20.00 | |
| 100 | @a20031201d2000 km y0chiy0120 ea | |
| 101 | 0 | @achi |
| 105 | @a z 000yy | |
| 200 | 1 | @a高级财务会计@AGao Ji Cai Wu Kuai Ji@f徐文丽著@FXu Wen Li Zhu |
| 205 | @a2版 | |
| 210 | @a上海@c立信会计出版社@d2000 | |
| 215 | @a408页@d20cm | |
| 225 | @a新编经济学教程系列 | |
| 410 | @12001 @a新编经济学教程系列 | |
| 606 | 0 | @a财务会计 |
| 690 | @aF234.4@v4 | |
| 701 | 0 | @a徐文丽@4著 |
| 801 | @aCN@bTSTC@c20031210 | |
| 905 | @b329854-857@dF234.4@e130=2@f4 | |
| 高级财务会计/徐文丽著.-2版.-上海:立信会计出版社,2000 |
| 408页;20cm.-(新编经济学教程系列) |
| ISBN 7-5429-0584-8:CNY20.00 |
| ● |
| 相关链接 |
|
|
|
|
正题名:高级财务会计
索取号:F234.4/130=2
 
预约/预借
| 序号 | 登录号 | 条形码 | 馆藏地/架位号 | 状态 | 备注 |
| 1 | 0329854 | 203298546 | 第一借阅区/ [索取号:F234.4/130=2] | 在馆 | |
| 2 | 0329855 | 203298555 | 第一借阅区/ [索取号:F234.4/130=2] | 在馆 | |
| 3 | 0329856 | 203298564 | 第一借阅区/ [索取号:F234.4/130=2] | 在馆 | |
| 4 | 0329857 | 203298573 | 第一样本阅览室/ [索取号:F234.4/130=2] | 在馆 |